000 00555nam a22001937a 4500
005 20251108172746.0
008 250721s2002 xx 000 0 ara d
082 1 4 _a398.803/خطا
100 1 _aخطاب، هشام
_eمؤلف
245 1 0 _aحكم وأمثال /
264 1 _aعمان :
_bدار عالم الثقافة للنشر والتوزيع،
_c2002.
300 _a120ص
650 1 7 _aالأدب الشعبي
650 1 7 _aالأمثال
650 1 7 _aالحكم
650 1 7 _aالإستشهادات
942 _2ddc
_cBK
999 _c87786
_d87786